header

RF and baseband techniques for software defined radio (Record no. 72544)

MARC details
000 -LEADER
fixed length control field 01302nam a2200337Ia 4500
082 04 - DEWEY DECIMAL CLASSIFICATION NUMBER
Classification number 621.3845
100 1# - MAIN ENTRY--AUTHOR NAME
Personal name Kenington, Peter B.
245 10 - TITLE STATEMENT
Title RF and baseband techniques for software defined radio
260 ## - PUBLICATION, DISTRIBUTION, ETC. (IMPRINT)
Place of publication Boston :
Name of publisher Artech House,
Year of publication c2005.
300 ## - PHYSICAL DESCRIPTION
Number of Pages xiii, 332 p. :
Other physical details ill.
490 1# - SERIES STATEMENT
Series statement Artech House mobile communications series
650 #0 - SUBJECT ADDED ENTRY--TOPICAL TERM
Topical Term Software radio.
Topical Term Radio circuits
856 40 - ELECTRONIC LOCATION AND ACCESS
Uniform Resource Identifier http://site.ebrary.com/lib/rucke/Doc?id=10091341

No items available.

© 2026 Rongo University
Contact us: librarian | system librarian | Rongo university